Meghillot: Studies in the Dead Sea Scrolls / מגילות: מחקרים במגילות מדבר יהודה

محفوظ في:

التنسيق: دورية

اللغة: Undetermined

منشور في: JSTOR
Bialik Institute, Jerusalem / מוסד ביאליק, ירושלים

الموضوعات:

الوصول للمادة أونلاين: Login to view Source

الوسوم: إضافة وسم

لا توجد وسوم, كن أول من يضع وسما على هذه التسجيلة!

رقم الطلب:

LEADER 00834nas a2200205Ia 4500
008 220214c99999999xx |||||||||||| ||und||
022 |a 2309-3501 
245 0 0 |a Meghillot: Studies in the Dead Sea Scrolls / מגילות: מחקרים במגילות מדבר יהודה 
264 1 |b JSTOR 
264 1 |b Bialik Institute, Jerusalem / מוסד ביאליק, ירושלים 
362 0 |a Vol. א(2003)-14 (2018) 
653 1 0 |a Area Studies 
653 1 0 |a Humanities 
653 1 0 |a Jewish Studies 
653 1 0 |a Religion 
653 1 0 |a Social Sciences 
856 4 0 |u https://www.jstor.org/journal/meghillot 
942 |c JL 
952 |0 0  |1 0  |4 0  |7 1  |9 36172  |a JSR  |b JSR  |d 2022-02-14  |l 0  |r 2022-02-14 00:00:00  |w 2022-02-14  |y JL 
999 |c 44505  |d 44505